Drapeaux des pays d'Afrique de l'Ouest - Statistiques

Statistiques générales
  • Ce quiz a été pris 2 245 fois
  • Le résultat moyen est 12 sur 16
Statistiques - réponses
Par images Réponse % Correct
Nigeria
96%
Sénégal
94%
Côte d'Ivoire
89%
Mauritanie
84%
Liberia
82%
Niger
80%
Cap-Vert
78%
Mali
77%
Togo
77%
Burkina Faso
76%
Ghana
75%
Bénin
71%
Guinée
65%
Sierra Leone
64%
Gambie
62%
Guinée-Bissau
59%
Aucun quiz correspondant
Distribution des résultats
% des personnes avec chaque résultat
Percentile par nombre de réponses
Votre historique - résultats
Vous n’avez pas pris ce quiz